pays vainqueur des 24h du mans par année - Statistiques

Statistiques générales
  • Ce quiz a été pris 34 fois
  • Le résultat moyen est 91 sur 93
Statistiques - réponses
année pays % Correct
1952 Allemagne
100%
1970 Allemagne
100%
1971 Allemagne
100%
1976 Allemagne
100%
1977 Allemagne
100%
1979 Allemagne
100%
1981 Allemagne
100%
1982 Allemagne
100%
1983 Allemagne
100%
1984 Allemagne
100%
1985 Allemagne
100%
1986 Allemagne
100%
1987 Allemagne
100%
1994 Allemagne
100%
1996 Allemagne
100%
1997 Allemagne
100%
1998 Allemagne
100%
1999 Allemagne
100%
2000 Allemagne
100%
2001 Allemagne
100%
2002 Allemagne
100%
2004 Allemagne
100%
2005 Allemagne
100%
2006 Allemagne
100%
2007 Allemagne
100%
2008 Allemagne
100%
2010 Allemagne
100%
2011 Allemagne
100%
2012 Allemagne
100%
2013 Allemagne
100%
2014 Allemagne
100%
2015 Allemagne
100%
2016 Allemagne
100%
2017 Allemagne
100%
1923 France
100%
1925 France
100%
1926 France
100%
1937 France
100%
1938 France
100%
1939 France
100%
1950 France
100%
1972 France
100%
1973 France
100%
1974 France
100%
1978 France
100%
1980 France
100%
1992 France
100%
1993 France
100%
2009 France
100%
1931 Italie
100%
1932 Italie
100%
1933 Italie
100%
1934 Italie
100%
1949 Italie
100%
1954 Italie
100%
1958 Italie
100%
1960 Italie
100%
1961 Italie
100%
1962 Italie
100%
1963 Italie
100%
1964 Italie
100%
1965 Italie
100%
2023 Italie
100%
2024 Italie
100%
2025 Italie
100%
1966 Etats-unis
97%
1967 Etats-unis
97%
1968 Etats-unis
97%
1969 Etats-unis
97%
1924 Royaume-uni
97%
1927 Royaume-uni
97%
1928 Royaume-uni
97%
1929 Royaume-uni
97%
1930 Royaume-uni
97%
1935 Royaume-uni
97%
1951 Royaume-uni
97%
1953 Royaume-uni
97%
1955 Royaume-uni
97%
1956 Royaume-uni
97%
1957 Royaume-uni
97%
1959 Royaume-uni
97%
1975 Royaume-uni
97%
1988 Royaume-uni
97%
1990 Royaume-uni
97%
1995 Royaume-uni
97%
2003 Royaume-uni
97%
1991 Japon
91%
2018 Japon
91%
2019 Japon
91%
2020 Japon
91%
2021 Japon
91%
2022 Japon
91%
1989 Suisse
58%
Aucun quiz correspondant
Distribution des résultats
% des personnes avec chaque résultat
Percentile par nombre de réponses
Votre historique - résultats
Vous n’avez pas pris ce quiz